| 000 | 00356nam a2200145Ia 4500 | ||
|---|---|---|---|
| 008 | 230917s9999||||xx |||||||||||||| ||und|| | ||
| 040 |
_e62070 _aMAIN |
||
| 041 | _aEnglish | ||
| 082 | _a320.03 P693P | ||
| 100 | _aPlano, Jack C | ||
| 245 | 0 | _aPolitical science dictionary | |
| 260 |
_aHinsdale _bDryden Press _c1973 |
||
| 300 | _ax, 418 p. | ||
| 942 | _cBK | ||
| 999 |
_c164411 _d164411 |
||